000 00322nam a22001337a 4500
008 180104b xxu||||| |||| 00| 0 eng d
020 _a9780534348793
041 _aeng
080 _a371
100 _a46
101 _aEDU
245 _aEssential Skills & Strategies in the Helping Process
_cDoyle, R.E
942 _2udc
_cBK
999 _c39765
_d39765